MARC details
| 000 -CABECERA |
| campo de control de longitud fija |
02414nam a2200325Ka 4500 |
| 001 - NÚMERO DE CONTROL |
| campo de control |
000007698 |
| 003 - IDENTIFICADOR DEL NÚMERO DE CONTROL |
| campo de control |
OCoLC |
| 005 - FECHA Y HORA DE LA ÚLTIMA TRANSACCIÓN |
| campo de control |
20200929154251.0 |
| 008 - DATOS DE LONGITUD FIJA--INFORMACIÓN GENERAL |
| campo de control de longitud fija |
090907s1990 sp ac 001 0 spa d |
| 020 ## - NÚMERO INTERNACIONAL ESTÁNDAR DEL LIBRO |
| ISBN cancelado o inválido |
8401612755 |
| 020 ## - NÚMERO INTERNACIONAL ESTÁNDAR DEL LIBRO |
| Número Internacional Estándar del Libro |
9788401612756 |
| 020 ## - NÚMERO INTERNACIONAL ESTÁNDAR DEL LIBRO |
| Número Internacional Estándar del Libro |
8401612756 |
| 035 ## - NÚMERO DE CONTROL DEL SISTEMA |
| Número de control de sistema |
(OCoLC)436000165 |
| 040 ## - FUENTE DE LA CATALOGACIÓN |
| Centro catalogador/agencia de origen |
DO-SdBNP |
| Lengua de catalogación |
spa |
| Centro/agencia transcriptor |
BNPHU |
| 082 ## - NÚMERO DE LA CLASIFICACIÓN DECIMAL DEWEY |
| Número de clasificación |
R972 |
| Número de documento/Ítem |
C951a |
| 049 ## - FONDOS LOCALES (OCLC) |
| Fondos de biblioteca |
BNPD |
| Mención de copia |
1[002031] |
| 245 00 - MENCIÓN DE TÍTULO |
| Título |
Crónica de América / |
| Mención de responsabilidad, etc. |
dirección Guillem Burrel i Floria ; redacción Xavier Sanmartí Roset ; prólogo Manuel Lucena Salmoral. |
| 260 ## - PUBLICACIÓN, DISTRIBUCIÓN, ETC. |
| Lugar de publicación, distribución, etc. |
Esplugues de Llobregat, [Barcelona] : |
| Nombre del editor, distribuidor, etc. |
Quinto centenario |
| -- |
Plaza & Janés Editores, |
| Fecha de publicación, distribución, etc. |
1990. |
| 300 ## - DESCRIPCIÓN FÍSICA |
| Extensión |
763 p. : |
| Otras características físicas |
il ; |
| Dimensiones |
30 cm. |
| 500 ## - NOTA GENERAL |
| Nota general |
Incluye apéndices de gobernadores y presidentes de los países de América |
| 500 ## - NOTA GENERAL |
| Nota general |
Incluye índice |
| 505 2# - NOTA DE CONTENIDO CON FORMATO |
| Nota de contenido con formato |
Crónica del año 3.900 al 1301 a de C - La consolidación de las culturas americanas del 3000 a de C al 300 d de C - Crónica de año 1300 a de C al 299 de C - Del esplendor a la ruina de las civilizaciones americanas del 300 d de C al 1525 - Crónica del año 300 d de C al 1490 - El ciclo colombino del 1492 al 1506 - Crónica del año 1490 al 1509 - Los grandes descubrimientos y conquistas del 1506 al 1550 - Crónica del año 1510 al 1549 - La configuración de la América hispanoportuguesa del 1550 al 1600 - Crónica del año 1550 al 1599 - El siglo XVII o la proliferación de colonizaciones europeas del 1600 al 1699 - Crónica del año 1600 al 1699 - América en el siglo de la ilustración del 1700 al 1808 - Crónica del año 1700 al 1807 - Las nuevas repúblicas, dos modelos de desarrollo del 1808 al 1850 - Crónica del año 1808 al 1824 - Crónica del año 1825 al 1849 - América Latina en la división internacional del trabajo del 1850 al 1929 - Crónica del año 1850 al 1879 - Crónica del año 1880 al 1928 - Desarrollo y dependencia del 1929 al 1959 - Crónica del año 1929 al 1959 - Desarrollo e independencia desde 1960 - Crónica del año 1960 al 1989 - Gobernadores - Presidentes - Biografías - Índice. |
| 651 #4 - PUNTO DE ACCESO ADICIONAL DE MATERIA--NOMBRE GEOGRÁFICO |
| Nombre geográfico |
América |
| Subdivisión general |
Historia |
| -- |
Cronología |
| 9 (RLIN) |
21351 |
| 651 #4 - PUNTO DE ACCESO ADICIONAL DE MATERIA--NOMBRE GEOGRÁFICO |
| Nombre geográfico |
América |
| Subdivisión general |
Historiografía |
| -- |
Cronología |
| 9 (RLIN) |
21352 |
| 700 1# - PUNTO DE ACCESO ADICIONAL--NOMBRE DE PERSONA |
| Nombre de persona |
Burrel i Florida, Guillem |
| 9 (RLIN) |
21353 |
| 700 1# - PUNTO DE ACCESO ADICIONAL--NOMBRE DE PERSONA |
| Nombre de persona |
Sanmartí Roset , Xavier |
| 9 (RLIN) |
21354 |
| 700 1# - PUNTO DE ACCESO ADICIONAL--NOMBRE DE PERSONA |
| Nombre de persona |
Lucena Salmoral, Manuel |
| Término indicativo de función/relación |
pról. |
| 9 (RLIN) |
18070 |
| 910 ## - DATOS DE OPCIÓN DEL USUARIO (OCLC) |
| Datos de opción del usuario |
Validado. Control de calidad BNPHU |
| 994 ## - |
| -- |
C0 |
| -- |
BNPHU |
| 999 99 - NÚMEROS DE CONTROL DE SISTEMA (KOHA) |
| -- |
0000354 |